000 00620nam a2200301Ia 4500
005 20260401122157.0
008 008 250103s9999 xx 000 0 eng d
020 _a8172015097
037 _aTB
040 _aEDL
040 _beng
040 _cEDL
041 _2eng
041 _aeng
084 _a891.21 MAN
084 _qEDL
100 _aMaan Singh
245 0 _aSubandhu
245 0 _cMaan Singh
260 _aNew Delhi
260 _bSahitya Akademi
260 _c1993
300 _a137p
942 _cTB
942 _h891.21 MAN
999 _c1845427
_d1845427